| 000 | 00687nam a2200265 a 4500 | ||
|---|---|---|---|
| 999 |
_c10417 _d10417 |
||
| 001 | 10417 | ||
| 003 | BD-JhCC | ||
| 005 | 20191028091006.0 | ||
| 008 | 180425s20112017i a|||| || | 001 0 eng d | ||
| 020 | _a9788131758915 | ||
| 035 | _a(BD-JhCC)10417 | ||
| 040 |
_aBD-JhCC _dBD-JhCC |
||
| 041 | _aeng | ||
| 082 |
_a531 _bGOL 2017 |
||
| 100 | _aGoldstain, Herbert | ||
| 245 |
_aClassical Mechanics / _cHerbert Goldstain, Charles P. Poole and John L. Safko |
||
| 250 | _a3rd ed. | ||
| 260 |
_aTamil Nadu : _bPearson, _c2017. |
||
| 300 |
_a646 p. : _bill. ; _c22 cm. |
||
| 504 | _aIncludes Index | ||
| 650 | _aPhysics | ||
| 650 | _aMechanics | ||
| 942 |
_2ddc _cBK |
||